000 00583nam a2200229Ia 4500
003 OSt
005 20220918200637.0
006 a|||||r|||| 00| 0
007 ta
008 220917b |||||||| |||| 00| 0 eng d
024 _a89,725
037 _cTextual
040 _aARTS
_cARTS
_beng
041 _2eng
_aeng
082 _aU8:4, J6
100 _aBorsodi Ralph
_992749
245 0 _aChallenge of Asia
_b a study of conflicting ideas and ideals
260 _c1956
650 _aGEOGRAPHY
942 _hU8:4, J6
_cTEXL
_2CC
999 _c213394
_d213394